000 00508nam a2200181 4500
001 123276
003 ES-MaACL
007 t|
008 070214s1984 sp r ||||0| spa d
100 1 _aQuesada, Montse.
_994563
245 1 3 _aLa entrevista
_b: obra creativa /
_cMontse Quesada.
260 _aBarcelona :
_bMitre,
_c1984.
300 _a137 p ;
_c19 cm.
490 1 _aTextos de periodismo
830 0 _aTextos de periodismo
_9182810
852 _aES-MaACL
_jL-7532
_bR.108189
999 _c123276
_d123276